000 00727nmm a2200265 a 4500
003 AR-BaBNM
005 20251128211653.0
008 106020s2005 ||||||||||||||000 | spa||
020 _a950-16-5350-1
040 _cAR-BaBNM
245 1 0 _aSer humano. Jardín, kinder, preescolar
_bprograma de educación integral
250 _a1ª ed.
260 _aBuenos Aires
_bTroquel
_c2005
300 0 _a167 p.
650 4 _aACTIVIDADES DE APRENDIZAJE
650 4 _aPROYECTOS
650 4 _aIDENTIDAD
650 4 _aDESARROLLO DE LA PERSONALIDAD
653 0 _aEDUCACION EN VALORES
653 0 _aTEMAS TRANSVERSALES
653 0 _aESTRATEGIAS DIDACTICAS
653 0 _aEDUCACION INICIAL
942 _cBK
998 _cme-solo cat
999 _c20639
_d20639